00476nam a2200193 a 4500001001300000003000900013005001700022008004100039020001000080082001400090100002100104245002000125260004100145300000900186500003500195505001000230650002100240700002100261nice12345678IN_TiNIC20260116011747.0050524s1913 dela grp 000 0 urd  ac10000a241bFRE1 aFrench, V Thomas aImdad-Ul-Ibadat aDelhibImperial Bookdepo Pressc1913 a156p aincludes index and biblioraphy2 aNotes aChristian-Ethics1 aFrench, V Thomas